• 首页
  • 本馆介绍
  • 公告通知
  • 最新文献
  • 馆藏检索
  • 电子资源
  • 读者荐购
  • 参考咨询
  • CALIS
  • 我的图书馆
  • 登录
  • 详细信息显示
  • 放入我的书架
  • 预约/预借图书
  • 作者相关作品
  • 分类相关作品
  • 丛书相关作品
  • 出版社相关作品

书目信息

  • 表格格式
  • 工作单格式
  • 卡片格式
题名:
恸问苍冥
    
 
作者: 金辉 著
分册:  
出版信息: 北京   解放军文艺出版社  1995.06
页数: 512页
开本: 21cm
丛书名: 中国抗日战争纪实丛书
单 册:
中图分类: I25
科图分类:
主题词: 侵华事件--史料--日本--1931-1945 , 报告文学--中国--现代
电子资源:
ISBN: 7-5033-0649-1
 
 
 
 
 
000 00964nam2 2200277 450
001 010229797812
005 20050906162335.62
010    @a7-5033-0649-1@dCNY19.80
100    @a20050808d1995 km y0chiy0120 ea
101 0  @achi
102    @aCN@b110000
105    @aac a 000yy
200 1  @a恸问苍冥@Atong wen cang ming@e日军侵华暴行备忘录@f金辉著@Fjin hui zhu
210    @a北京@c解放军文艺出版社@d1995.06
215    @a512页@c图, 肖像@d21cm
225 2  @a中国抗日战争纪实丛书
320    @a有书目 (第508-512页)。
330    @a本书是一部全面系统地揭露日本军国主义在华暴行的纪实性作品。全书从文化的角度发问:他们为什么如此杀人?而我们为什么如此被杀。
410  0 @12001 @a中国抗日战争纪实丛书
517 1  @a日军侵华暴行备忘录@Ari jun qin hua bao xing bei wang lu
606 0  @a侵华事件@x史料@y日本@z1931-1945
606 0  @a报告文学@y中国@z现代
690    @aI25@v4
701  0 @a金辉@Ajin hui@4著
801  0 @aCN@bQSSK@c20050906
905    @a10447@dI25@eJ773
    
    恸问苍冥:日军侵华暴行备忘录/金辉著.-北京:解放军文艺出版社,1995.06
    512页:图, 肖像;21cm.-(中国抗日战争纪实丛书)
    
    
    ISBN 7-5033-0649-1:CNY19.80
    本书是一部全面系统地揭露日本军国主义在华暴行的纪实性作品。全书从文化的角度发问:他们为什么如此杀人?而我们为什么如此被杀。
●
相关链接 在E读中查询图书 在当当中查询图书 在豆瓣中查询图书


正题名:恸问苍冥     索取号:I25/J773         预约/预借

序号 登录号 条形码 馆藏地/架位号 状态 备注
1 560514   205605148   文学库108/108文学库 65排6列1层/ [索取号:I25/J773] 在馆    
2 560515   205605157   文学库108/108文学库 65排6列1层/ [索取号:I25/J773] 在馆    
3 560516   205605166   文学库108/108文学库 65排6列1层/ [索取号:I25/J773] 在馆    
河南城建学院图书馆 欢迎您!
大连网信软件有限公司© 版权所有